000 00664cam a22002052 4500
001 0000019425
005 20151217145915.0
008 101115s xx 000 0 eng d
040 _aKABU
_cKABU
100 1 _aUnderhill, Arthur.
_@0000179137
245 1 0 _aPrinciples of the law of partnership /
_cArthur Underhill.
250 _a2nd ed.
260 _aLondon :
_bButterworth,
_c1906.
300 _axx, 154, 21 p.
650 0 _aPartnership
_zGreat Britain.
_@0000160031
852 1 _9p3640 KES
852 1 _9p3640 KES
908 _a101115
950 _@1
999 _c3931
_d3931